[Event "TUR-chT 2nd League"]
[Site "Denizli"]
[Date "2023.07.15"]
[Round "9.82"]
[White "Unesi, Erdal"]
[Black "Keskin, Osman Orcun"]
[Result "1/2-1/2"]
[WhiteElo "1848"]
[BlackElo "1809"]
[PlyCount "98"]
[EventDate "2023.07.09"]
[EventType "team-swiss"]
[EventRounds "9"]
[EventCountry "TUR"]
[SourceTitle "CBM 215 Extra"]
[Source "ChessBase"]
[SourceDate "2023.09.30"]
[SourceVersion "1"]
[SourceVersionDate "2023.09.30"]
[SourceQuality "1"]
[WhiteTeam "Gaziantep Tantima"]
[BlackTeam "Celik"]
[WhiteTeamCountry "TUR"]
[BlackTeamCountry "TUR"]

1. e4 c6 2. d4 d5 3. Nd2 dxe4 4. Nxe4 Bf5 5. Ng3 Bg6 6. h4 h6 7. Nf3 Nd7 8. h5 Bh7 9. Bd3 Bxd3 10. Qxd3 Ngf6 11. Bf4 Qa5+ 12. Bd2 Qc7 13. 0-0-0 e6 14. Qe2 0-0-0 15. Kb1 Bd6 16. Ne4 Bf4 17. Nxf6 Nxf6 18. Bxf4 Qxf4 19. Ne5 Rhf8 20. Qc4 Nd7 21. Nd3 Qg4 22. Qb4 Qxg2 23. a4 Qd5 24. Qc3 Nf6 25. Ne5 Ne4 26. Qe3 Nd6 27. Qa3 Nf5 28. c3 f6 29. Nd3 Nd6 30. Nc5 Ne4 31. Nd3 Rf7 32. f4 Ng3 33. Rhe1 Nxh5 34. a5 a6 35. Ka1 Qf5 36. Re3 Nxf4 37. Nxf4 Qxf4 38. Rxe6 Qg4 39. Rde1 Qf5 40. Qa2 Qd5 41. Qa3 h5 42. Re8 Rxe8 43. Rxe8+ Kc7 44. c4 Qxc4 45. Qg3+ Kd7 46. Qb8 Qa4+ 47. Kb1 Qd1+ 48. Ka2 Qa4+ 49. Kb1 Qd1+ 1/2-1/2

[Event "TUR-chT 2nd League"]
[Site "Denizli"]
[Date "2023.07.11"]
[Round "4.52"]
[White "Unesi, Erdal"]
[Black "Yaran, Siar"]
[Result "0-1"]
[WhiteElo "1848"]
[BlackElo "2288"]
[PlyCount "62"]
[EventDate "2023.07.09"]
[EventType "team-swiss"]
[EventRounds "9"]
[EventCountry "TUR"]
[SourceTitle "CBM 215 Extra"]
[Source "ChessBase"]
[SourceDate "2023.09.30"]
[SourceVersion "1"]
[SourceVersionDate "2023.09.30"]
[SourceQuality "1"]
[WhiteTeam "Gaziantep Tantima"]
[BlackTeam "Sakarya Satranc"]
[WhiteTeamCountry "TUR"]
[BlackTeamCountry "TUR"]

1. e4 d6 2. d4 Nf6 3. Nc3 e5 4. Nf3 Nbd7 5. h3 Be7 6. Be3 c6 7. a4 Qc7 8. Bc4 0-0 9. 0-0 b6 10. Qe2 a6 11. Bg5 Bb7 12. Rfd1 b5 13. dxe5 dxe5 14. axb5 axb5 15. Bb3 Nc5 16. Nd2 h6 17. Bh4 Rxa1 18. Rxa1 Rd8 19. Qe3 Rd4 20. f4 Ncd7 21. Bf2 Bc5 22. Qe2 b4 23. Na4 Rxd2 24. Qxd2 Nxe4 25. Qe2 Bxf2+ 26. Kh2 Ndf6 27. f5 Bg3+ 28. Kg1 Bc8 29. c4 bxc3 30. bxc3 Qa7+ 31. Kf1 Bh4 0-1

[Event "TUR Cup"]
[Site "Adapazari"]
[Date "2022.03.30"]
[Round "9"]
[White "Atayman, Evren"]
[Black "Unesi, Erdal"]
[Result "1-0"]
[WhiteElo "1672"]
[BlackElo "1861"]
[PlyCount "65"]
[EventDate "2022.03.25"]
[EventType "swiss"]
[EventRounds "11"]
[EventCountry "TUR"]
[SourceTitle "EXT 2023"]
[Source "ChessBase"]
[SourceDate "2022.10.05"]
[SourceVersion "1"]
[SourceVersionDate "2022.10.05"]
[SourceQuality "1"]

1. e4 c5 2. Nf3 e6 3. d3 Nc6 4. g3 Nf6 5. Bg2 g6 6. 0-0 Bg7 7. c3 0-0 8. e5 Nd5 9. c4 Nde7 10. Re1 d6 11. Bf4 dxe5 12. Nxe5 Qb6 13. Qd2 Rd8 14. Nc3 Qa5 15. Nxc6 Nxc6 16. Bxc6 bxc6 17. Be5 f6 18. Bf4 e5 19. Bh6 Bf5 20. Bxg7 Kxg7 21. Re3 Qb4 22. Qe2 Rab8 23. g4 Be6 24. Rxe5 Qxb2 25. Qxb2 Rxb2 26. Rxe6 Rxd3 27. Na4 Rc2 28. Nxc5 Rdd2 29. Ne4 Re2 30. Rd1 Rxc4 31. Rd7+ Kh6 32. g5+ fxg5 33. Nf6 1-0

[Event "TUR Cup"]
[Site "Adapazari"]
[Date "2022.03.26"]
[Round "2"]
[White "Unesi, Erdal"]
[Black "Bagci, Hikmet"]
[Result "1/2-1/2"]
[WhiteElo "1861"]
[BlackElo "1609"]
[PlyCount "59"]
[EventDate "2022.03.25"]
[EventType "swiss"]
[EventRounds "11"]
[EventCountry "TUR"]
[SourceTitle "EXT 2023"]
[Source "ChessBase"]
[SourceDate "2022.10.05"]
[SourceVersion "1"]
[SourceVersionDate "2022.10.05"]
[SourceQuality "1"]

1. e4 c5 2. Nc3 Nc6 3. Nge2 e6 4. g3 a6 5. Bg2 Nf6 6. 0-0 Be7 7. d4 cxd4 8. Nxd4 0-0 9. h3 Qc7 10. Kh2 d6 11. f4 Bd7 12. Nce2 Rad8 13. c4 Nxd4 14. Qxd4 Bc6 15. Nc3 Nd7 16. Be3 Bf6 17. Qd2 Nc5 18. Bd4 Bxd4 19. Qxd4 Na4 20. Nxa4 Bxa4 21. b3 Bc6 22. Rac1 f6 23. Rfd1 e5 24. Qd2 b6 25. Qe3 Rfe8 26. f5 a5 27. a4 h6 28. Rd3 Kf7 29. h4 Ke7 30. Bf3 1/2-1/2

[Event "TUR-chT 2nd League"]
[Site "Konya"]
[Date "2019.07.27"]
[Round "8.7"]
[White "Unesi, Erdal"]
[Black "Yildiz, Talat"]
[Result "0-1"]
[WhiteElo "1866"]
[BlackElo "1772"]
[PlyCount "70"]
[EventDate "2019.07.22"]
[EventType "team-swiss"]
[EventRounds "9"]
[EventCountry "TUR"]
[SourceTitle "CBM 191 Extra"]
[Source "ChessBase"]
[SourceDate "2019.09.30"]
[SourceVersion "1"]
[SourceVersionDate "2019.09.30"]
[SourceQuality "1"]
[WhiteTeam "Gaziantep Sader"]
[BlackTeam "Cesme Belediye"]
[WhiteTeamCountry "TUR"]
[BlackTeamCountry "TUR"]

1. e4 c5 2. d3 g6 3. g3 Bg7 4. Bg2 Nc6 5. Nf3 d6 6. 0-0 e5 7. Nbd2 Nge7 8. c3 0-0 9. Nc4 h6 10. Nh4 g5 11. Nf3 f5 12. exf5 Bxf5 13. Ne3 Be6 14. h3 Qd7 15. Kh2 Rf7 16. Qe2 Raf8 17. Bd2 Ng6 18. Ng1 Nce7 19. c4 d5 20. b3 a6 21. Be1 b5 22. cxd5 Nxd5 23. Nxd5 Bxd5 24. Bxd5 Qxd5 25. Qe4 Ne7 26. Ne2 Qd6 27. Nc3 Nf5 28. Kg2 Qd4 29. Bd2 Nh4+ 30. gxh4 Rxf2+ 31. Rxf2 Qxf2+ 32. Kh1 Rf3 33. Qa8+ Kh7 34. Qe4+ Kh8 35. Qg4 Rg3 0-1

[Event "TUR-chT 2nd League"]
[Site "Konya"]
[Date "2019.07.25"]
[Round "6.9"]
[White "Unesi, Erdal"]
[Black "Ozcelik, Ozan"]
[Result "1-0"]
[WhiteElo "1866"]
[BlackElo "1675"]
[PlyCount "31"]
[EventDate "2019.07.22"]
[EventType "team-swiss"]
[EventRounds "9"]
[EventCountry "TUR"]
[SourceTitle "CBM 191 Extra"]
[Source "ChessBase"]
[SourceDate "2019.09.30"]
[SourceVersion "1"]
[SourceVersionDate "2019.09.30"]
[SourceQuality "1"]
[WhiteTeam "Gaziantep Sader"]
[BlackTeam "Samsun Gercek"]
[WhiteTeamCountry "TUR"]
[BlackTeamCountry "TUR"]

1. e4 d5 2. exd5 Qxd5 3. Nc3 Qa5 4. d4 Nf6 5. h3 e6 6. Nf3 c5 7. Be2 Ne4 8. 0-0 Nc6 9. d5 exd5 10. Qxd5 Be6 11. Qxe4 0-0-0 12. Ng5 Bd6 13. Nxe6 fxe6 14. Qxe6+ Kb8 15. Bf3 Qc7 16. Rb1 1-0

[Event "TUR Cup"]
[Site "Antalya"]
[Date "2017.01.29"]
[Round "2"]
[White "Uzuner, Tufan Can"]
[Black "Unesi, Erdal"]
[Result "0-1"]
[WhiteElo "2069"]
[BlackElo "1833"]
[PlyCount "104"]
[EventDate "2017.01.28"]
[EventType "swiss"]
[EventRounds "11"]
[EventCountry "TUR"]
[SourceTitle "CBM 176 Extra"]
[Source "ChessBase"]
[SourceDate "2017.03.02"]
[SourceVersion "1"]
[SourceVersionDate "2017.03.02"]
[SourceQuality "1"]

1. d4 f5 2. Nf3 Nf6 3. g3 g6 4. Bg2 Bg7 5. 0-0 0-0 6. b3 d6 7. Bb2 c6 8. a4 a5 9. Nbd2 Nbd7 10. Nc4 Nb6 11. Qd3 Ne4 12. Nxb6 Qxb6 13. Nd2 Nxd2 14. Qxd2 e5 15. dxe5 dxe5 16. Qd6 Re8 17. Bd5+ Kh8 18. Bf7 Qd8 19. Qc5 Qe7 20. Qxe7 Rxe7 21. Bc4 e4 22. Bxg7+ Kxg7 23. Rfd1 Bd7 24. Rd6 Rc8 25. Rad1 Rc7 26. e3 Be8 27. Rd8 b5 28. Be2 bxa4 29. bxa4 Bf7 30. R1d6 Re5 31. Ra8 Rc5 32. c4 Bxc4 33. Bxc4 Rxc4 34. Rxa5 Rc1+ 35. Kg2 c5 36. Rda6 Rd1 37. Ra7 Rdd7 38. Rxc7 Rxc7 39. Kf1 Kf6 40. Ke2 Ke5 41. Kd2 Kd5 42. Kc3 Rb7 43. h4 Rb1 44. Ra7 Rc1+ 45. Kd2 Ra1 46. Kc3 Ra3+ 47. Kb2 Rd3 48. Rd7+ Kc4 49. Rxd3 exd3 50. f3 Kb4 51. e4 fxe4 52. f4 e3 0-1

[Event "Manavgat Turkey Cup"]
[Site "Manavgat"]
[Date "2015.02.06"]
[Round "10"]
[White "Kirali, Mehmet"]
[Black "Unesi, Erdal"]
[Result "1-0"]
[WhiteElo "1961"]
[BlackElo "1826"]
[PlyCount "84"]
[EventDate "2015.01.31"]
[EventType "swiss"]
[EventRounds "11"]
[EventCountry "TUR"]
[SourceTitle "CBM 164 Extra"]
[Source "ChessBase"]
[SourceDate "2015.03.02"]
[SourceVersion "1"]
[SourceVersionDate "2015.03.02"]
[SourceQuality "1"]

1. e4 c5 2. Nf3 e6 3. Nc3 a6 4. d3 Nc6 5. Be2 d5 6. 0-0 Nf6 7. Re1 Be7 8. Bf4 d4 9. Nb1 0-0 10. a4 Bd7 11. Na3 Na5 12. c3 dxc3 13. bxc3 b5 14. axb5 axb5 15. Ne5 Be8 16. Bf3 Bd6 17. Bg3 Qc7 18. d4 c4 19. Nc2 Rd8 20. Ra2 Nb3 21. Qe2 h6 22. h3 Nh7 23. Kh2 Ng5 24. Ra6 f6 25. Ng4 Bxg3+ 26. fxg3 h5 27. Nge3 h4 28. Nf1 Bg6 29. Kg1 hxg3 30. h4 Nxf3+ 31. Qxf3 Rfe8 32. Nxg3 Ra8 33. Rxa8 Rxa8 34. Qg4 Bf7 35. h5 Kh7 36. Rf1 Ra2 37. Ne3 b4 38. h6 g5 39. Rxf6 Ra1+ 40. Kh2 Ra8 41. e5 Nd2 42. Ne4 Rg8 1-0

[Event "Manavgat Turkey Cup"]
[Site "Manavgat"]
[Date "2015.02.05"]
[Round "8"]
[White "Yasin, Hur"]
[Black "Unesi, Erdal"]
[Result "1-0"]
[WhiteElo "2113"]
[BlackElo "1826"]
[PlyCount "78"]
[EventDate "2015.01.31"]
[EventType "swiss"]
[EventRounds "11"]
[EventCountry "TUR"]
[SourceTitle "CBM 164 Extra"]
[Source "ChessBase"]
[SourceDate "2015.03.02"]
[SourceVersion "1"]
[SourceVersionDate "2015.03.02"]
[SourceQuality "1"]

1. e4 c5 2. Nf3 e6 3. d4 cxd4 4. Nxd4 a6 5. c4 Qc7 6. Nc3 Nc6 7. Nc2 Nf6 8. Be2 Bd6 9. g3 0-0 10. f4 Bc5 11. e5 Ne8 12. Ne4 Ba7 13. Be3 f6 14. Bxa7 Rxa7 15. exf6 Nxf6 16. Nd6 Ne8 17. Nxe8 Rxe8 18. Bd3 Qa5+ 19. Kf1 g6 20. h4 Ne7 21. h5 Nf5 22. Qg4 Qd2 23. Qf3 b5 24. Bxf5 gxf5 25. Qe3 Qxe3 26. Nxe3 Rc7 27. b3 Bb7 28. Rh2 Be4 29. Rd1 bxc4 30. bxc4 Rb8 31. Rhd2 Rbb7 32. Kf2 a5 33. g4 fxg4 34. Nxg4 Rxc4 35. Rxd7 Rb2+ 36. Kg3 Rg2+ 37. Kh4 Bd5 38. Rb1 Rb4 39. Nf6+ Kf8 1-0

[Event "Manavgat Turkey Cup"]
[Site "Manavgat"]
[Date "2015.02.04"]
[Round "7"]
[White "Unesi, Erdal"]
[Black "Ozates, Tuna"]
[Result "1/2-1/2"]
[WhiteElo "1826"]
[BlackElo "1910"]
[PlyCount "77"]
[EventDate "2015.01.31"]
[EventType "swiss"]
[EventRounds "11"]
[EventCountry "TUR"]
[SourceTitle "CBM 164 Extra"]
[Source "ChessBase"]
[SourceDate "2015.03.02"]
[SourceVersion "1"]
[SourceVersionDate "2015.03.02"]
[SourceQuality "1"]

1. d4 Nf6 2. c4 e6 3. Nf3 Bb4+ 4. Nbd2 0-0 5. e3 d6 6. Bd3 Nc6 7. Qc2 e5 8. d5 Ne7 9. h3 Ng6 10. a3 Bxd2+ 11. Bxd2 a5 12. Bf5 Nd7 13. h4 Nc5 14. Ng5 Bxf5 15. Qxf5 Qf6 16. Qc2 Rfe8 17. Nxh7 Kxh7 18. h5 Kg8 19. hxg6 Qxg6 20. Qxg6 fxg6 21. Ke2 Kf7 22. f3 Nb3 23. Raf1 Rh8 24. Bc3 a4 25. Kf2 g5 26. Kg3 Nc5 27. Kg4 Nd7 28. Kxg5 Nf6 29. Rh4 Rag8 30. Rfh1 Rh6 31. Kf5 Nh5 32. Be1 Rf6+ 33. Ke4 g6 34. g4 Ng7 35. R4h2 g5 36. Bc3 Rg6 37. c5 Re8 38. Rh8 Re7 39. R1h7 1/2-1/2